Word Ladder: 1975 Crime Film Quiz Stats

 Plays Quiz Updated May 7, 2019

Score 0/22 Timer 02:00
4 Plays Today
Clue 3-Letter Word % Correct
One of seven in a week• DAY •
98.2%
Man's best friend, in a saying• DOG •
98.2%
Beaver's constructionDAM
98%
Free from moistureDRY
97.4%
Travel like a bird (or swatted insect)FLY
96.8%
___ Pérignon: Vintage Champagne brandDOM
96.1%
Organ for hearingEAR
92%
Futurama's main characterFRY
91.8%
Result of three strikes?OUT
91.3%
Furry TV extraterrestrialALF
86.8%
Make a mistakeERR
86.4%
Clue 3-Letter Word % Correct
Curiosity victim, in a sayingCAT
85.9%
Ctrl+XCUT
83.5%
Exhortation after saying graceEAT
80.4%
Legolas or Dobby, e.g.ELF
79.9%
It quits, along with F4ALT
79.6%
Cambridgeshire cathedral cityELY
77.8%
To a boat's rear• AFT •
77.2%
Many a time, poeticallyOFT
74.2%
Sea eagle (alternate spelling)• ERN •
64%
Indefinite long period of timeEON
60.1%
Suffix for 'ball' or 'bass'• OON •
47.3%

Today's Daily Dose

Missing Word
1940s A-Z

Quick Pick
'S' Athletes

Get the Picture
Depp or Bonham Carter

You're not logged in!

Compare scores with friends on all Sporcle quizzes.
OR
Log In

Sporcle TV

Today on Sporcle TV


Watch our educational content, quiz creation guides, and fun videos on Sporcle TV.

Show Comments

Extras

Top Quizzes Today


Score Distribution

Your Account Isn't Verified!

In order to create a playlist on Sporcle, you need to verify the email address you used during registration. Go to your Sporcle Settings to finish the process.

Report this User

Report this user for behavior that violates our Community Guidelines.

Details: